| 000 | 00794nam a22001697a 4500 | ||
|---|---|---|---|
| 005 | 20090805101358.0 | ||
| 008 | 090805t xxu||||| |||| 00| 0 eng d | ||
| 080 |
_a66.097:546.302 _bPRE |
||
| 100 |
_aPreetha Prasad, G. _97162 |
||
| 245 | _aInvestigations on some Y-Zeolite encapsulated transition metal complexes of schiff bases | ||
| 260 |
_aCochin _bDepartment of Applied Chemistry - CUSAT _c2002 _91702 |
||
| 300 | _a126p. | ||
| 500 | _aGuide : Mohammed Yusuff, K.K. Thesis (Ph.D), CUSAT, 2002 | ||
| 653 |
_aCatalysts _aChiral catalyst _aTransition metal complexes _aZeolite encapsulated transition metal complexes _aGuide : Mohammed Yusuff, K.K. |
||
| 942 | _cTH | ||
| 952 |
_w2009-08-05 _pG0008256 _r2009-08-05 _40 _00 _bUL _10 _o66.097:546.302 PRE _d2009-08-05 _70 _2udc _yTH _aUL |
||
| 999 |
_c2175 _d2175 |
||